Biggest Metro Areas by City Proper - Extreme - Statistics

General Stats
  • This quiz has been taken 8 times
  • The average score is 5 of 100
Answer Stats
Hint Answer Continent % Correct
25,910,068 Chongqing Asia
60%
15,655,924 Istanbul Europe
60%
16,437,435 Lagos Africa
60%
13,010,112 Moscow Europe
60%
12,400,232 Sao Paulo Americas
60%
21,909,814 Shanghai / Suzhou Asia
60%
15,628,000 Kinshasa Africa
40%
18,960,744 Beijing Asia
20%
8,034,649 Bogota Americas
20%
10,100,166 Cairo / Giza Africa
20%
8,799,800 London Europe
20%
9,209,944 Mexico City Americas
20%
8,335,897 New York Americas
20%
6,211,223 Rio de Janeiro Americas
20%
5,616,633 Abidjan Africa
0%
2,070,463 Accra Africa
0%
8,854,444 Ahmedabad Asia
0%
5,362,517 Alexandria Africa
0%
1,812,059 Amman Asia
0%
499,127 Atlanta Americas
0%
6,719,476 Baghdad Asia
0%
4,227,569 Bamako Africa
0%
2,394,873 Bandung Asia
0%
9,034,000 Bangkok Asia
0%
8,443,675 Bengaluru Asia
0%
650,706 Boston / Providence Americas
0%
3,120,612 Buenos Aires Americas
0%
5,630,256 Changsha Asia
0%
13,568,357 Chengdu Asia
0%
6,748,026 Chennai Asia
0%
2,665,039 Chicago Americas
0%
4,913,879 Dalian Asia
0%
1,288,457 Dallas Americas
0%
5,383,728 Dar es Salaam Africa
0%
11,034,555 Delhi Asia
0%
620,376 Detroit / Toledo Americas
0%
10,278,882 Dhaka Asia
0%
3,291,166 Dubai Asia
0%
1,385,621 Guadalajara Americas
0%
16,096,724 Guangzhou / Shenzhen Asia
0%
9,236,032 Hangzhou Asia
0%
8,435,700 Hanoi Asia
0%
6,976,136 Harbin Asia
0%
5,118,199 Hefei Asia
0%
8,993,082 Ho Chi Minh City Asia
0%
7,413,070 Hong Kong Asia
0%
2,288,250 Houston Americas
0%
9,482,000 Hyderabad Asia
0%
9,586,705 Jakarta Asia
0%
8,352,049 Jinan Asia
0%
2,026,469 Johannesburg Africa
0%
4,910,000 Kano Africa
0%
17,648,555 Karachi Asia
0%
1,410,858 Khartoum Africa
0%
6,200,000 Kolkata Asia
0%
1,588,750 Kuala Lumpur Asia
0%
5,950,578 Kunming Asia
0%
13,004,135 Lahore Asia
0%
10,092,000 Lima Americas
0%
3,898,747 Los Angeles / Riverside Americas
0%
6,759,313 Luanda Africa
0%
3,340,176 Madrid Europe
0%
1,846,513 Manila Asia
0%
449,514 Miami Americas
0%
1,371,850 Milan Europe
0%
1,142,952 Monterrey Americas
0%
12,442,373 Mumbai Asia
0%
2,331,078 Nagoya Asia
0%
4,397,073 Nairobi Africa
0%
9,314,685 Nanjing Asia
0%
5,977,185 Nanning Asia
0%
5,057,140 Ningbo Asia
0%
2,753,862 Osaka / Kobe Asia
0%
2,102,650 Paris Europe
0%
1,576,251 Philadelphia Americas
0%
3,124,458 Pune Asia
0%
7,172,451 Qingdao Asia
0%
6,924,566 Riyadh Asia
0%
5,601,911 Saint Petersburg Europe
0%
808,437 San Francisco / San Jose Americas
0%
5,220,161 Santiago Europe
0%
9,659,322 Seoul Asia
0%
5,437,602 Shantou Asia
0%
7,885,142 Shenyang Asia
0%
5,758,403 Shijiazhuang Asia
0%
5,685,807 Singapore Asia
0%
2,765,487 Surabaya Asia
0%
4,501,610 Surat Asia
0%
2,494,813 Taipei Asia
0%
4,529,141 Taiyuan Asia
0%
9,400,000 Tehran Asia
0%
11,052,404 Tianjin Asia
0%
9,555,919 Tokyo Asia
0%
3,025,647 Toronto Americas
0%
671,803 Washington / Baltimore Americas
0%
10,494,879 Wuhan Asia
0%
4,617,251 Xiamen / Quanzhou Asia
0%
9,392,938 Xi'an Asia
0%
4,728,524 Yangon Asia
0%
6,461,013 Zhengzhou Asia
0%
No matching quizzes found
Score Distribution
Percent of People with Each Score
Percentile by Number Answered
Your Score History
You have not taken this quiz